000 00496nam a2200217Ia 4500
003 OSt
005 20221005120854.0
006 a|||||r|||| 00| 0
007 ta
008 221004b |||||||| |||| 00| 0 eng d
024 _a120390
037 _cTextual
040 _aCRL
_cCRL
_beng
041 _2eng
_aeng
100 _aMaheshwari J K
_9606997
245 0 _aFlora of Delhi
260 _c1963
650 _aHISTORY
942 _cTEXL
_2cc
999 _c1039372
_d1039372